| 000 | 00620nam a2200181 a 4500 | ||
|---|---|---|---|
| 008 | 120416s1976 ||||||||||||||||| || u | ||
| 050 | _aHF 5657 Van | ||
| 100 | _aVanasse, Robert W | ||
| 245 | 1 | 0 | _aStatistical sampling for auditing and accounting decisions |
| 246 | _aa simulation | ||
| 250 | _a2nd ed. | ||
| 260 |
_aNew York _bMcGraw-Hill _c1976 |
||
| 300 | _avii, 108p. : ill. | ||
| 350 | _a0.00 | ||
| 650 | _aTEXTBOOKS--TEXTBOOKS | ||
| 650 | _aAUDITING | ||
| 995 |
_D0.00 _FCBU-MAIN LIBRARY (Kitwe) _H1 _I0.00 _M1 _UAVAILABLE _ZAnnex Low-Usage Collection |
||
| 999 |
_c58310 _d58310 |
||